[Event "16th Battle of Senta - OPEN A"]
[Site "Senta"]
[Date "2012.07.15"]
[Round "2.5"]
[White "Simonyi, Zoltan"]
[Black "Dragovic, Momcilo"]
[Result "0-1"]
[WhiteElo "2219"]
[BlackElo "2364"]
[PlyCount "92"]
[EventDate "2012.07.14"]

1. d4 Nf6 2. c4 g6 3. Nc3 Bg7 4. e4 O-O 5. Be2 d6 6. Nf3 Bg4 7. Be3 Nbd7 8. O-O
c6 9. b4 a5 10. Rb1 axb4 11. Rxb4 Ra3 12. Qc2 Qa5 13. Rfb1 c5 14. R4b3 Rxb3 15.
Rxb3 Bxf3 16. gxf3 cxd4 17. Bxd4 Qg5+ 18. Kf1 Qh4 19. Rxb7 Ng4 20. fxg4 Bxd4
21. Nd1 Nc5 22. Rb1 Ra8 23. Bf3 Ra3 24. Bg2 Qxh2 25. Ne3 e6 26. Qd2 Rd3 27. Qe2
Qf4 28. Qf3 Qe5 29. Ke2 Ra3 30. Rb8+ Kg7 31. Nf5+ exf5 32. Qxa3 fxg4 33. Qg3
Qe6 34. Rb4 h5 35. Kf1 Qf6 36. f4 Be5 37. Ke2 Bxf4 38. Qa3 Be5 39. Rb1 h4 40.
Rf1 Qe6 41. Qc1 h3 42. Bh1 g3 43. Bf3 g2 44. Rd1 Qf6 45. Qe3 Ne6 46. Kd3 Bd4
0-1

[Event "16th Battle of Senta - OPEN A"]
[Site "Senta"]
[Date "2012.07.15"]
[Round "2.6"]
[White "Stojkovska, Monika"]
[Black "Lukovic, Vladimir"]
[Result "0-1"]
[WhiteElo "1909"]
[BlackElo "2329"]
[PlyCount "106"]
[EventDate "2012.07.14"]

1. e4 e5 2. Nf3 Nc6 3. d4 exd4 4. Nxd4 Nf6 5. Nxc6 bxc6 6. e5 Qe7 7. Qe2 Nd5 8.
c4 Ba6 9. b3 O-O-O 10. g3 g5 11. Bg2 Bg7 12. Bb2 Rde8 13. O-O Bxe5 14. Qxe5
Qxe5 15. Bxe5 Rxe5 16. cxd5 Bxf1 17. Kxf1 cxd5 18. Nc3 c6 19. Rc1 Kd8 20. Na4
g4 21. f4 gxf3 22. Bxf3 Rhe8 23. Kf2 Re3 24. Nc5 d4 25. Rd1 Rc3 26. Ne4 Rc2+
27. Rd2 Rxd2+ 28. Nxd2 Re3 29. Bd1 d5 30. Nf3 c5 31. Bc2 h6 32. b4 Rc3 33. Bf5
cxb4 34. Nxd4 Ke7 35. Nb5 Rc5 36. Bd3 a5 37. Ke3 Kd7 38. Nd4 Rc1 39. Nb3 Rh1
40. h4 a4 41. Bb5+ Kd6 42. Bxa4 Rg1 43. Kf3 Ke5 44. Nd2 Rc1 45. Bb3 Kd4 46. Ke2
Kc3 47. Nf3 d4 48. Ne1 Rb1 49. Nd3 Rh1 50. Bxf7 Rg1 51. h5 Rxg3 52. Bg6 Re3+
53. Kd1 Rxd3+ 0-1

[Event "16th Battle of Senta - OPEN A"]
[Site "Senta"]
[Date "2012.07.15"]
[Round "2.7"]
[White "Pezelj, Novak"]
[Black "Szabados, Karoly"]
[Result "1-0"]
[WhiteElo "2327"]
[BlackElo "2091"]
[PlyCount "47"]
[EventDate "2012.07.14"]

1. e4 e6 2. Nc3 d5 3. Nf3 c5 4. exd5 exd5 5. Bb5+ Nc6 6. Ne5 Nge7 7. O-O a6 8.
Qh5 Be6 9. Bxc6+ Nxc6 10. Re1 Be7 11. Nxc6 bxc6 12. Rxe6 g6 13. Qe5 Kd7 14.
Rxe7+ Qxe7 15. Qxe7+ Kxe7 16. d3 Rab8 17. b3 c4 18. bxc4 dxc4 19. Bf4 Rb7 20.
dxc4 Rd8 21. Re1+ Kd7 22. a3 Rb2 23. Na4 Re8 24. Rd1+ 1-0

[Event "16th Battle of Senta - OPEN A"]
[Site "Senta"]
[Date "2012.07.15"]
[Round "2.8"]
[White "Bejatovic, Bojana"]
[Black "Andrijevic, Milan"]
[Result "0-1"]
[WhiteElo "1941"]
[BlackElo "2345"]
[PlyCount "76"]
[EventDate "2012.07.14"]

1. Nf3 Nf6 2. c4 e6 3. b3 Be7 4. Bb2 O-O 5. e3 c5 6. Be2 Nc6 7. O-O d5 8. d4
cxd4 9. Nxd4 a6 10. Nd2 Bd6 11. f4 Qe7 12. N2f3 Ng4 13. Qd2 Bd7 14. Qc3 f6 15.
h3 Nxd4 16. Nxd4 Bb4 17. Qc1 Nh6 18. a3 Bc5 19. b4 Ba7 20. cxd5 e5 21. fxe5
fxe5 22. Ne6 Bxe6 23. dxe6 Nf5 24. Kh2 Bxe3 25. Qc4 Bf4+ 26. Rxf4 exf4 27. Qxf4
b5 28. Bf3 Rad8 29. Qe5 Nd6 30. Qc5 Rc8 31. Qd4 Rfd8 32. Qg4 Nc4 33. Bd4 Qd6+
34. g3 Qxd4 35. e7 Qxa1 36. Bd5+ Kh8 37. exd8=Q+ Rxd8 38. Qf4 Qf6 0-1

[Event "16th Battle of Senta - OPEN A"]
[Site "Senta"]
[Date "2012.07.15"]
[Round "2.9"]
[White "Matsenko, Sergei"]
[Black "Paroski, Sinisa"]
[Result "1/2-1/2"]
[WhiteElo "2460"]
[BlackElo "2184"]
[PlyCount "62"]
[EventDate "2012.07.14"]

1. e4 e5 2. Nf3 Nc6 3. Bb5 a6 4. Ba4 Nf6 5. O-O Be7 6. Re1 b5 7. Bb3 d6 8. c3
O-O 9. h3 Re8 10. d4 Bb7 11. Nbd2 Bf8 12. a3 h6 13. Bc2 Nb8 14. b4 Nbd7 15. d5
c6 16. c4 Nb6 17. Qe2 Qc7 18. dxc6 Qxc6 19. Bb2 Nxc4 20. Nxc4 Qxc4 21. Qxc4
bxc4 22. Rac1 Rec8 23. Bb1 Rc7 24. Re3 Nd7 25. a4 a5 26. bxa5 Rxa5 27. Bc2 Nc5
28. Bc3 Ra6 29. Ra1 Bc8 30. Nd2 Be6 31. Bb4 Be7 1/2-1/2

[Event "16th Battle of Senta - OPEN A"]
[Site "Senta"]
[Date "2012.07.15"]
[Round "2.10"]
[White "Agoston, Aron"]
[Black "Nadj Hedjesi, Balind"]
[Result "0-1"]
[WhiteElo "2086"]
[BlackElo "2381"]
[PlyCount "36"]
[EventDate "2012.07.14"]

1. e4 c6 2. d4 g6 3. Bd3 d5 4. exd5 cxd5 5. Bf4 Nc6 6. c3 Bg7 7. Nd2 Nh6 8.
Ngf3 O-O 9. O-O f6 10. Bxh6 Bxh6 11. Re1 Kh8 12. Nf1 Bg7 13. Nh4 e5 14. Nxg6+
hxg6 15. Bxg6 Bh6 16. Qh5 Kg7 17. Re3 Rh8 18. Rg3 Bg5 0-1

[Event "16th Battle of Senta - OPEN A"]
[Site "Senta"]
[Date "2012.07.15"]
[Round "2.11"]
[White "Stankovic, Milos"]
[Black "Vucinic, Gojko"]
[Result "1-0"]
[WhiteElo "2369"]
[BlackElo "2150"]
[PlyCount "63"]
[EventDate "2012.07.14"]

1. e4 c5 2. Ne2 d6 3. g3 g6 4. Bg2 Bg7 5. c3 e6 6. d4 Ne7 7. dxc5 dxc5 8. Qxd8+
Kxd8 9. Be3 Nd7 10. Na3 a6 11. O-O-O Kc7 12. Nc4 Nc6 13. Nd6 Rf8 14. Rd2 Be5
15. Rhd1 Bxd6 16. Rxd6 c4 17. f4 e5 18. Ng1 f6 19. Nf3 Rf7 20. h4 Nf8 21. fxe5
fxe5 22. Ng5 Rg7 23. Rf6 Bg4 24. Rdf1 Nd7 25. Rf7 Rxf7 26. Rxf7 h6 27. Nf3 h5
28. Rg7 Rf8 29. Nd2 Rf6 30. Nxc4 Be6 31. Nb6 Bf7 32. Nd5+ 1-0

[Event "16th Battle of Senta - OPEN A"]
[Site "Senta"]
[Date "2012.07.15"]
[Round "2.12"]
[White "Vujic, Mihailo"]
[Black "Andrejic, Vladica"]
[Result "1/2-1/2"]
[WhiteElo "2357"]
[BlackElo "2182"]
[PlyCount "46"]
[EventDate "2012.07.14"]

1. e4 c5 2. Nf3 e6 3. c3 Nf6 4. e5 Nd5 5. d4 cxd4 6. cxd4 d6 7. Nc3 Nxc3 8.
bxc3 Qc7 9. Bd2 Nd7 10. Ng5 h6 11. exd6 Bxd6 12. Ne4 O-O 13. Bd3 Be7 14. O-O b6
15. Re1 Bb7 16. Qh5 Bxe4 17. Bxe4 Nf6 18. Qh3 Nxe4 19. Rxe4 Bg5 20. Bxg5 hxg5
21. Re5 Rac8 22. Rc1 Rfd8 23. Rxg5 Qf4 1/2-1/2

[Event "16th Battle of Senta - OPEN A"]
[Site "Senta"]
[Date "2012.07.15"]
[Round "2.13"]
[White "Vranic, Ljubomir"]
[Black "Ardeleanu, Alin"]
[Result "0-1"]
[WhiteElo "2192"]
[BlackElo "2335"]
[PlyCount "96"]
[EventDate "2012.07.14"]

1. d4 Nf6 2. c4 c5 3. d5 e6 4. Nc3 exd5 5. Nxd5 Nxd5 6. Qxd5 Nc6 7. Qd1 d6 8.
e3 Be6 9. Bd2 Be7 10. Bc3 O-O 11. a3 Re8 12. Qc2 d5 13. cxd5 Qxd5 14. Bd3 Qh5
15. Ne2 Bd6 16. O-O-O Be5 17. Kb1 Bxc3 18. Qxc3 Qe5 19. Rc1 b6 20. Bb5 Qe4+ 21.
Ka1 Qd5 22. b3 Na5 23. Bc4 Nxc4 24. bxc4 Qe4 25. f3 Qc6 26. Nf4 a6 27. e4 Qa4
28. Rhd1 Rad8 29. Rd3 Rd4 30. Rxd4 cxd4 31. Qb4 Qc6 32. Nxe6 fxe6 33. c5 bxc5
34. Rxc5 Qd7 35. Qc4 d3 36. Rc7 Qd8 37. Qc3 e5 38. Rc5 Qb6 39. Rc8 Rd8 40.
Rxd8+ Qxd8 41. Qb3+ Kf8 42. Qb4+ Kf7 43. Qd2 a5 44. Kb1 a4 45. Qa2+ Kf6 46. Kc1
Qd4 47. Qb2 Qg1+ 48. Kd2 Qf2+ 0-1

[Event "16th Battle of Senta - OPEN A"]
[Site "Senta"]
[Date "2012.07.15"]
[Round "2.14"]
[White "Radusinovic, Lazar"]
[Black "Zarkovic, Mila"]
[Result "1-0"]
[WhiteElo "2330"]
[BlackElo "1996"]
[PlyCount "143"]
[EventDate "2012.07.14"]

1. d4 Nf6 2. Nf3 e6 3. g3 b6 4. Bg2 Bb7 5. O-O Be7 6. c4 O-O 7. Nc3 Ne4 8. Qc2
Nxc3 9. bxc3 f5 10. d5 Na6 11. Rd1 Bd6 12. e4 fxe4 13. Ng5 Nc5 14. Nxe4 Nxe4
15. Bxe4 h6 16. Be3 Qf6 17. Bd4 Be5 18. Bxe5 Qxe5 19. Re1 Qf6 20. dxe6 Bxe4 21.
Rxe4 dxe6 22. Rae1 Rae8 23. Re5 c5 24. f4 g6 25. a4 Re7 26. a5 Rd8 27. axb6
axb6 28. Qe4 Rd6 29. h4 h5 30. Qa8+ Kf7 31. R1e3 Red7 32. Kg2 Rd8 33. Qe4 R8d7
34. Kh3 Re7 35. Rf3 Kg7 36. Qe2 Red7 37. Rfe3 Kf7 38. Qf3 Rd8 39. Qe4 Re8 40.
Qb7+ Qe7 41. Qe4 Qf6 42. Rf3 Re7 43. Rd3 Red7 44. Re3 Re7 45. Rf3 Kg7 46. Rg5
Kf7 47. Qc2 Kg7 48. Qe2 Red7 49. Re3 Kf7 50. Rge5 Rd8 51. Qc2 R8d7 52. Qe4 Re7
53. Re2 Re8 54. Qb1 Red8 55. R2e3 R8d7 56. Qe4 Re7 57. Rg5 Re8 58. Rf3 Re7 59.
Qc2 Kg7 60. Qe2 Rd8 61. Rd3 Red7 62. Rxd7+ Rxd7 63. Qxh5 Rd3 64. Qe2 Rxc3 65.
Qe4 Kf7 66. h5 Ke7 67. Qb7+ Ke8 68. Qc8+ Ke7 69. Qc7+ Ke8 70. hxg6 Rxc4 71. g7
Qh6+ 72. Kg4 1-0

[Event "16th Battle of Senta - OPEN A"]
[Site "Senta"]
[Date "2012.07.15"]
[Round "2.15"]
[White "Dudukovic, Nikola"]
[Black "Banovic, Ivan"]
[Result "1/2-1/2"]
[WhiteElo "2302"]
[BlackElo "2072"]
[PlyCount "82"]
[EventDate "2012.07.14"]

1. e4 c5 2. Nf3 d6 3. d4 cxd4 4. Nxd4 Nf6 5. Nc3 g6 6. f3 Bg7 7. Be3 O-O 8. Qd2
Nc6 9. Bc4 Bd7 10. O-O-O Qa5 11. Bb3 Rfc8 12. h4 h5 13. Kb1 Ne5 14. g4 Nc4 15.
Bxc4 Rxc4 16. Nb3 Qd8 17. e5 Nxg4 18. fxg4 Bxg4 19. e6 Bxe6 20. Bd4 Rac8 21.
Bxg7 Kxg7 22. Rdf1 Qb6 23. Rf4 Rxf4 24. Qxf4 Rc4 25. Qg5 f6 26. Qd2 Bf5 27. Qe2
Qc7 28. Rf1 e6 29. Rxf5 gxf5 30. Qxe6 Rxh4 31. a3 Rh1+ 32. Ka2 Qf7 33. Qxd6 h4
34. Ne2 a5 35. Ned4 a4 36. Ne6+ Kh7 37. Nbd4 Rf1 38. c3 Re1 39. Qf4 Re5 40.
Qxh4+ Kg8 41. Qg3+ Kh8 1/2-1/2

[Event "16th Battle of Senta - OPEN A"]
[Site "Senta"]
[Date "2012.07.15"]
[Round "2.16"]
[White "Manojlovic, Sava"]
[Black "Farkas, Tibor"]
[Result "1/2-1/2"]
[WhiteElo "2077"]
[BlackElo "2256"]
[PlyCount "31"]
[EventDate "2012.07.14"]

1. d4 Nf6 2. Nf3 g6 3. Bg5 Bg7 4. Nbd2 O-O 5. e3 d6 6. c3 Nbd7 7. Qc2 e5 8. Be2
h6 9. Bxf6 Qxf6 10. h4 Qe7 11. h5 g5 12. Bd3 Nf6 13. dxe5 dxe5 14. Bf5 Re8 15.
Bxc8 Raxc8 16. e4 1/2-1/2

[Event "16th Battle of Senta - OPEN A"]
[Site "Senta"]
[Date "2012.07.15"]
[Round "2.17"]
[White "Marta, Dominik"]
[Black "Kumic, Filip"]
[Result "1-0"]
[WhiteElo "1966"]
[BlackElo "2216"]
[PlyCount "125"]
[EventDate "2012.07.14"]

1. Nf3 Nf6 2. g3 g6 3. b3 Bg7 4. Bb2 d5 5. d4 c5 6. e3 O-O 7. Bg2 Nc6 8. O-O
cxd4 9. exd4 Bf5 10. c4 Rc8 11. Ne5 Be4 12. Nc3 Bxg2 13. Kxg2 dxc4 14. bxc4
Nxd4 15. Nd5 Nxd5 16. Qxd4 Nb6 17. Qe4 Na4 18. Bd4 Nc5 19. Qe3 b6 20. Rfd1 Qc7
21. Bxc5 Qxc5 22. Qxc5 Rxc5 23. Nd7 Rxc4 24. Nxf8 Bxa1 25. Nxg6 Bf6 26. Nf4 Rc2
27. Rd8+ Kg7 28. Nh5+ Kg6 29. g4 Rxa2 30. Rg8+ Kh6 31. Ng3 e6 32. Ne4 Bg7 33.
h4 f5 34. g5+ Kg6 35. Nd6 Rd2 36. Nc4 Rd5 37. h5+ Kf7 38. Ra8 Rd7 39. g6+ hxg6
40. h6 Bf6 41. h7 Rc7 42. Nd6+ Ke7 43. Ne8 Rc4 44. Nxf6 Rh4 45. h8=Q Rxh8 46.
Rxh8 Kxf6 47. Ra8 Ke5 48. Rxa7 Kd5 49. Rb7 Kc5 50. Re7 Kd6 51. Rg7 b5 52. Rxg6
b4 53. Kf3 Kd5 54. Kf4 b3 55. Rg1 Kd4 56. Rd1+ Kc3 57. Ke5 Kc2 58. Rg1 Kd3 59.
Kxe6 f4 60. Ke5 f3 61. Kf4 Ke2 62. Rb1 Kxf2 63. Rxb3 1-0

[Event "16th Battle of Senta - OPEN A"]
[Site "Senta"]
[Date "2012.07.15"]
[Round "2.19"]
[White "Savic, Dragan"]
[Black "Saric, Sinisa"]
[Result "1/2-1/2"]
[WhiteElo "2174"]
[BlackElo "2462"]
[PlyCount "31"]
[EventDate "2012.07.14"]

1. c3 Nf6 2. d4 g6 3. Nd2 d5 4. g3 Bg7 5. Bg2 O-O 6. e4 e5 7. dxe5 Ng4 8. Ne2
dxe4 9. Bxe4 Nxe5 10. O-O Nbc6 11. Qc2 Ne7 12. Nf3 Nxf3+ 13. Bxf3 Bf5 14. Qb3
Qd3 15. Be3 Rab8 16. Rfd1 1/2-1/2

[Event "16th Battle of Senta - OPEN A"]
[Site "Senta"]
[Date "2012.07.15"]
[Round "2.20"]
[White "Zivkovic, Sava"]
[Black "Kaszas, Viktor"]
[Result "1-0"]
[WhiteElo "2340"]
[BlackElo "2011"]
[PlyCount "77"]
[EventDate "2012.07.14"]

1. e4 e5 2. Nf3 Nc6 3. Bb5 a6 4. Ba4 Nf6 5. O-O Nxe4 6. d4 b5 7. Bb3 d5 8. dxe5
Be6 9. Be3 Be7 10. c3 Qd7 11. h3 O-O 12. Nbd2 Rad8 13. Qe2 f5 14. exf6 Nxd2 15.
Qxd2 Bxf6 16. Ng5 Bf5 17. Rad1 Ne7 18. Bc5 c6 19. Rfe1 h6 20. Ne4 Be6 21. Bb6
Bf5 22. Bxd8 Qxd8 23. Nxf6+ Rxf6 24. Bc2 Bd7 25. Re5 Ng6 26. Bxg6 Rxg6 27. Qd3
Rf6 28. Rde1 Qb6 29. R1e3 a5 30. Re7 Bf5 31. Re8+ Kh7 32. Qd4 Qxd4 33. cxd4 c5
34. dxc5 d4 35. Rf3 Kg6 36. Rd8 d3 37. g4 Be4 38. Rxf6+ Kxf6 39. f3 1-0

[Event "16th Battle of Senta - OPEN A"]
[Site "Senta"]
[Date "2012.07.15"]
[Round "2.23"]
[White "Scepanovic, Labud"]
[Black "Sakic, Simeon"]
[Result "1-0"]
[WhiteElo "2205"]
[BlackElo "1961"]
[PlyCount "63"]
[EventDate "2012.07.14"]

1. e4 e5 2. Nf3 Nc6 3. Bc4 Bc5 4. d3 d6 5. h3 Nf6 6. O-O Qe7 7. c3 O-O 8. Re1
Be6 9. Bb5 a6 10. Ba4 b5 11. Bc2 h6 12. d4 exd4 13. cxd4 Bb4 14. d5 Bxe1 15.
Nxe1 Nxd5 16. exd5 Bxd5 17. Nc3 Be6 18. Be3 Ne5 19. Nd3 Bf5 20. Nd5 Qd8 21.
Nxe5 Bxc2 22. Qxc2 dxe5 23. Rd1 Kh8 24. Nb6 Qe7 25. Nxa8 Rxa8 26. Qc6 Rd8 27.
Rc1 Rd6 28. Qxc7 Rd1+ 29. Kh2 Qd6 30. Qc8+ Kh7 31. Qf5+ Kg8 32. Rc8+ 1-0

[Event "16th Battle of Senta - OPEN A"]
[Site "Senta"]
[Date "2012.07.15"]
[Round "2.24"]
[White "Racz, Peter"]
[Black "Parnicki, Zlatko"]
[Result "0-1"]
[WhiteElo "2006"]
[BlackElo "2194"]
[PlyCount "76"]
[EventDate "2012.07.14"]

1. Nf3 Nf6 2. d4 g6 3. g3 Bg7 4. Bg2 O-O 5. O-O d6 6. Nbd2 Nbd7 7. e4 e5 8. c3
c6 9. Re1 Qc7 10. b3 Rd8 11. Bb2 c5 12. Rc1 b5 13. Qc2 Bb7 14. d5 a5 15. Bf1
Ba6 16. c4 b4 17. Bh3 h5 18. Rcd1 Ng4 19. Nh4 Nf8 20. f3 Nh6 21. Nf1 Bc8 22.
Bxc8 Qxc8 23. Ne3 Bf6 24. Nhg2 Qh3 25. f4 Nd7 26. f5 a4 27. Rf1 axb3 28. axb3
Bg5 29. Qe2 Ra2 30. fxg6 fxg6 31. Ra1 Rda8 32. Rxa2 Rxa2 33. Ra1 Rxa1+ 34. Bxa1
Nf6 35. Nf4 exf4 36. gxf4 Bxf4 37. Bxf6 Bxe3+ 38. Kh1 Ng4 0-1

[Event "16th Battle of Senta - OPEN A"]
[Site "Senta"]
[Date "2012.07.15"]
[Round "3.2"]
[White "Dragovic, Momcilo"]
[Black "Balog, Imre"]
[Result "0-1"]
[WhiteElo "2364"]
[BlackElo "2542"]
[PlyCount "100"]
[EventDate "2012.07.14"]

1. e4 e6 2. d4 d5 3. Nc3 Nf6 4. Bg5 dxe4 5. Nxe4 Nbd7 6. Bd3 h6 7. Bh4 Be7 8.
Qe2 Nd5 9. Bxe7 Qxe7 10. O-O-O Nf4 11. Qg4 Nxd3+ 12. Rxd3 O-O 13. Qh5 e5 14.
Nf3 f5 15. Nc3 e4 16. Re3 Nf6 17. Qh4 c5 18. dxc5 Qxc5 19. Nd2 Kh7 20. Nb3 Qc7
21. f3 f4 22. Re2 e3 23. g4 Qe5 24. Rg2 g5 25. Qe1 Kg7 26. h4 Be6 27. Rgh2 Rac8
28. Kb1 Rfd8 29. Ne2 b5 30. Qb4 Bf7 31. Qa5 Bg6 32. Nc3 a6 33. hxg5 hxg5 34.
Qxa6 Rxc3 35. bxc3 e2 36. Kb2 e1=Q 37. Rxe1 Qxe1 38. Qb7+ Bf7 39. Qxb5 Rd5 40.
Qb8 Qe8 41. Qb4 Rb5 42. Qd4 Qc6 43. a4 Rb7 44. Qe5 Qd5 45. Re2 Kg6 46. a5 Qxe5
47. Rxe5 Nd7 48. a6 Rxb3+ 49. cxb3 Nxe5 50. c4 Nxc4+ 0-1

[Event "16th Battle of Senta - OPEN A"]
[Site "Senta"]
[Date "2012.07.15"]
[Round "3.4"]
[White "Arsovic, Goran"]
[Black "Radusinovic, Lazar"]
[Result "1/2-1/2"]
[WhiteElo "2426"]
[BlackElo "2330"]
[PlyCount "24"]
[EventDate "2012.07.14"]

1. d4 d5 2. Nf3 Nf6 3. c4 c6 4. e3 e6 5. Bd3 Bd6 6. Nc3 Nbd7 7. O-O O-O 8. e4
dxe4 9. Nxe4 Nxe4 10. Bxe4 f5 11. Bc2 e5 12. c5 Bb8 1/2-1/2

[Event "16th Battle of Senta - OPEN A"]
[Site "Senta"]
[Date "2012.07.15"]
[Round "3.7"]
[White "Andrijevic, Milan"]
[Black "Marta, Dominik"]
[Result "1-0"]
[WhiteElo "2345"]
[BlackElo "1966"]
[PlyCount "53"]
[EventDate "2012.07.14"]

1. e4 e5 2. Nf3 Nf6 3. Nxe5 d6 4. Nf3 Nxe4 5. d3 Nf6 6. d4 d5 7. c4 c6 8. Nc3
Bb4 9. Be2 O-O 10. O-O Bxc3 11. bxc3 Ne4 12. Qc2 Qa5 13. Bd3 Re8 14. Re1 f5 15.
Rb1 Nd7 16. cxd5 cxd5 17. c4 dxc4 18. Qxc4+ Kh8 19. Rb5 Qd8 20. Bxe4 fxe4 21.
Ng5 Qf6 22. Nf7+ Kg8 23. Nh6+ Kh8 24. Rxe4 Rf8 25. Rf4 Qe7 26. Rxf8+ Qxf8 27.
Ba3 1-0

[Event "16th Battle of Senta - OPEN A"]
[Site "Senta"]
[Date "2012.07.15"]
[Round "3.9"]
[White "Paroski, Sinisa"]
[Black "Vujic, Mihailo"]
[Result "0-1"]
[WhiteElo "2184"]
[BlackElo "2357"]
[PlyCount "56"]
[EventDate "2012.07.14"]

1. e4 e5 2. Nf3 Nc6 3. Bb5 f5 4. d3 fxe4 5. dxe4 Nf6 6. O-O Bc5 7. Nc3 d6 8.
Qd3 Bd7 9. Nd5 O-O 10. Bg5 Kh8 11. c3 a6 12. Bc4 b5 13. Bb3 Na5 14. Bc2 Ba7 15.
b3 Rc8 16. a4 bxa4 17. bxa4 Ra8 18. Nh4 Bc5 19. Nf5 Bxf5 20. exf5 c6 21. Nxf6
gxf6 22. Bh6 Rg8 23. Rab1 d5 24. Qe2 Qd7 25. Be3 Bd6 26. Bd3 e4 27. Bxa6 Qxf5
28. Bb6 Bxh2+ 0-1

[Event "16th Battle of Senta - OPEN A"]
[Site "Senta"]
[Date "2012.07.15"]
[Round "3.11"]
[White "Petkovic, Radosav"]
[Black "Simonyi, Zoltan"]
[Result "0-1"]
[WhiteElo "2302"]
[BlackElo "2219"]
[PlyCount "166"]
[EventDate "2012.07.14"]

1. e4 c6 2. d4 d5 3. Nc3 dxe4 4. Nxe4 Bf5 5. Ng3 Bg6 6. Nh3 Nf6 7. Nf4 e6 8. h4
Bd6 9. h5 Be4 10. Nxe4 Nxe4 11. Qf3 Ng5 12. Qe3 h6 13. Bd2 Nd7 14. Nd3 Nf6 15.
O-O-O Qe7 16. c3 O-O-O 17. g3 Nd5 18. Qe2 Nb6 19. Bg2 Nh7 20. Ne5 Nf6 21. Nc4
Nxc4 22. Qxc4 Qc7 23. Bf3 Kb8 24. Rhe1 Rd7 25. Kb1 Rc8 26. Qa4 Ka8 27. b4 Qb6
28. Qb3 Qb5 29. Qc2 Rcd8 30. c4 Qf5 31. Qxf5 exf5 32. Bc3 Kb8 33. Kc2 Kc8 34.
a3 Re8 35. Rxe8+ Nxe8 36. d5 c5 37. g4 Rc7 38. Kd3 fxg4 39. Bxg4+ Kd8 40. Rg1
b6 41. Bd1 f6 42. Ba4 Re7 43. bxc5 Bxc5 44. Bb4 Nd6 45. Rg4 Kc7 46. Bxc5 bxc5
47. Bc2 Ne8 48. Kd2 Kd6 49. Bg6 Nc7 50. Rg1 Na6 51. Rb1 Kc7 52. Rb5 Rd7 53. Bf5
Rd6 54. Rb3 Rb6 55. Rg3 Kd6 56. Rxg7 Ke5 57. Bd3 f5 58. Kc3 Nb8 59. Rf7 Kf4 60.
Bxf5 Kg5 61. Bg6 Ra6 62. Kb3 Rb6+ 63. Ka2 a5 64. Ra7 Na6 65. Be8 Kf6 66. Bb5
Nb8 67. Rxa5 Ke5 68. Ra8 Kd4 69. d6 Kc3 70. Rxb8 Rxb8 71. d7 Rf8 72. f4 Rg8 73.
Bc6 Kxc4 74. a4 Kb4 75. f5 c4 76. f6 Kc5 77. f7 Rf8 78. d8=Q Rxd8 79. Be8 Rd2+
80. Ka3 Rd3+ 81. Ka2 Rf3 82. a5 Kb4 83. a6 Rf2+ 0-1

[Event "16th Battle of Senta - OPEN A"]
[Site "Senta"]
[Date "2012.07.15"]
[Round "3.12"]
[White "Szabados, Karoly"]
[Black "Dudukovic, Nikola"]
[Result "1/2-1/2"]
[WhiteElo "2091"]
[BlackElo "2302"]
[PlyCount "34"]
[EventDate "2012.07.14"]

1. Nf3 Nf6 2. b3 g6 3. Bb2 Bg7 4. e3 O-O 5. Be2 d6 6. O-O e5 7. d3 Nbd7 8. c4
Re8 9. Nbd2 Nf8 10. Qc2 h6 11. Rac1 Ne6 12. c5 Nxc5 13. Nxe5 c6 14. Nef3 Ne6
15. Rfd1 d5 16. Bf1 Qe7 17. Qb1 a5 1/2-1/2

[Event "16th Battle of Senta - OPEN A"]
[Site "Senta"]
[Date "2012.07.15"]
[Round "3.14"]
[White "Banovic, Ivan"]
[Black "Tancik, Kristijan"]
[Result "0-1"]
[WhiteElo "2072"]
[BlackElo "2289"]
[PlyCount "86"]
[EventDate "2012.07.14"]

1. d4 Nf6 2. c4 e6 3. Nc3 Bb4 4. Qc2 d5 5. cxd5 exd5 6. Nf3 c5 7. a3 Bxc3+ 8.
bxc3 Ne4 9. e3 Qa5 10. Bd2 O-O 11. Bd3 Re8 12. O-O c4 13. Be2 Nc6 14. Qb2 Qc7
15. Ne1 Bf5 16. f3 Nxd2 17. Qxd2 Na5 18. Bd1 Qe7 19. g4 Bg6 20. Ng2 Nb3 21.
Bxb3 cxb3 22. Qb2 Bc2 23. Rf2 Rac8 24. Re2 Qc7 25. Ne1 Qxc3 26. Qxc3 Rxc3 27.
Nxc2 bxc2 28. Rc1 Rcxe3 29. Rxe3 Rxe3 30. Rxc2 g6 31. Rc7 Rxa3 32. Rxb7 Rxf3
33. Rxa7 Rf4 34. h3 Rxd4 35. Rd7 Rd2 36. g5 Kg7 37. h4 Rd4 38. Kf2 Rxh4 39.
Rxd5 Rf4+ 40. Kg3 Rf5 41. Rxf5 gxf5 42. Kf3 Kg6 43. Kf4 f6 0-1

[Event "16th Battle of Senta - OPEN A"]
[Site "Senta"]
[Date "2012.07.15"]
[Round "3.15"]
[White "Farkas, Tibor"]
[Black "Bejatovic, Bojana"]
[Result "1-0"]
[WhiteElo "2256"]
[BlackElo "1941"]
[PlyCount "97"]
[EventDate "2012.07.14"]

1. c4 f5 2. Nc3 Nf6 3. g3 g6 4. Bg2 Bg7 5. d3 d6 6. e4 c6 7. Nge2 O-O 8. O-O
Na6 9. exf5 Bxf5 10. d4 Nb4 11. h3 Qa5 12. g4 Bd3 13. b3 e5 14. Be3 e4 15. g5
Nh5 16. Nxe4 d5 17. Nd6 Qc7 18. c5 Bf5 19. Qd2 Na6 20. b4 Be6 21. a4 Qd7 22.
Kh2 b6 23. Rab1 Rfd8 24. Nf4 Nxf4 25. Bxf4 Nc7 26. Rfc1 Ne8 27. Nxe8 Rxe8 28.
b5 Rac8 29. Bf1 Bf5 30. bxc6 Rxc6 31. Bb5 Bxb1 32. cxb6 Rec8 33. bxa7 Qxa7 34.
Bxc6 Rxc6 35. Rxc6 Qxa4 36. Rc8+ Kf7 37. Qc1 Bf5 38. Qc7+ Qd7 39. Qxd7+ Bxd7
40. Rc7 Ke6 41. Be5 Bf8 42. f4 h6 43. gxh6 Bxh6 44. h4 Bf8 45. Kg3 Be7 46. h5
Be8 47. h6 g5 48. Rxe7+ Kxe7 49. h7 1-0

[Event "16th Battle of Senta - OPEN A"]
[Site "Senta"]
[Date "2012.07.15"]
[Round "3.17"]
[White "Petrusic, Goran"]
[Black "Pletl, Akos"]
[Result "0-1"]
[WhiteElo "1976"]
[BlackElo "2251"]
[PlyCount "65"]
[EventDate "2012.07.14"]

1. c4 e5 2. Nc3 Nf6 3. g3 Be7 4. Bg2 O-O 5. d3 d6 6. e3 c6 7. Nge2 Be6 8. O-O
Nbd7 9. f4 Bg4 10. h3 Bxe2 11. Qxe2 exf4 12. gxf4 Re8 13. Kh2 Nf8 14. e4 Ng6
15. Bf3 Qc7 16. d4 Bf8 17. Be3 Nh4 18. Rac1 Nxf3+ 19. Qxf3 Nxe4 20. Nxe4 Qe7
21. Nxd6 Qxd6 22. Bf2 Be7 23. Rfd1 Bf6 24. b3 a5 25. d5 cxd5 26. Rxd5 Qc6 27.
Rcd1 a4 28. R1d2 axb3 29. Qxb3 Re4 30. Bd4 Rae8 31. Qd3 Rxf4 32. Bxf6 Rxf6 33.
Re2 0-1

[Event "16th Battle of Senta - OPEN A"]
[Site "Senta"]
[Date "2012.07.15"]
[Round "3.20"]
[White "Kumic, Filip"]
[Black "Agoston, Aron"]
[Result "1/2-1/2"]
[WhiteElo "2216"]
[BlackElo "2086"]
[PlyCount "114"]
[EventDate "2012.07.14"]

1. d4 Nf6 2. c4 g6 3. Nc3 d5 4. Bg5 Ne4 5. h4 Nxc3 6. bxc3 Bg7 7. cxd5 Qxd5 8.
e3 c5 9. Qf3 Qxf3 10. Nxf3 Nc6 11. Rb1 cxd4 12. cxd4 h6 13. Bf4 O-O 14. Bd3 Na5
15. Rb5 b6 16. Be4 Bb7 17. Bxb7 Nxb7 18. Rb1 Rfc8 19. Kd2 Na5 20. Rhc1 Rc4 21.
Rxc4 Nxc4+ 22. Kd3 Rc8 23. e4 e6 24. g4 Bf8 25. g5 h5 26. Rc1 Nb2+ 27. Ke2 Rxc1
28. Bxc1 Na4 29. Kd3 b5 30. Ne5 Bd6 31. Nd7 a5 32. Kc2 Bc7 33. Bd2 b4 34. Kb3
Nb6 35. Nxb6 Bxb6 36. Be3 Kf8 37. Kc4 Ke7 38. Kb5 Bd8 39. Kc6 a4 40. d5 b3 41.
axb3 axb3 42. Bc5+ Ke8 43. d6 f6 44. d7+ Kf7 45. Bb6 Be7 46. Bc5 Bd8 47. Bb6 b2
48. Bxd8 b1=Q 49. Bxf6 Qxe4+ 50. Kc7 Qc4+ 51. Kb7 Qd5+ 52. Kc7 Qc5+ 53. Kb7
Qb5+ 54. Kc7 Qc5+ 55. Kb7 Qd5+ 56. Kc7 Qa5+ 57. Kb7 Qb5+ 1/2-1/2